Statistics for Days of the Week in 15 Seconds

Click here to take the quiz!

General Stats

  • This quiz has been taken 21 times
  • The average score is 6 of 7

Answer Stats

Day% Correct
Monday
100%
Tuesday
100%
Wednesday
100%
Saturday
88%
Thursday
88%
Friday
81%
Sunday
75%

Score Distribution

Percentile by Number Answered

Percent of People with Each Score

Your Score History

You have not taken this quiz